K některým otázkam plánovité tvorby velkoobchodních cen
Salvato in:
| Autore principale: | |
|---|---|
| Natura: | Libro |
| Lingua: | ceco |
| Pubblicazione: |
Praha
Univ. Karlova
1988
|
| Edizione: | 1. vyd. |
| Serie: | Acta Universitatis Carolinae
3-1987-25 |
| Tags: |
Nessun Tag, puoi essere il primo ad aggiungerne!!
|
MARC
| LEADER | 00000nam a2200000 4500 | ||
|---|---|---|---|
| 001 | c033307 | ||
| 005 | 20221219085244.8 | ||
| 041 | 0 | |a cze | |
| 044 | |a CZ | ||
| 245 | 1 | 0 | |a K některým otázkam plánovité tvorby velkoobchodních cen |c Ivan Zahradníček |
| 250 | |a 1. vyd. | ||
| 264 | 1 | |a Praha |b Univ. Karlova |c 1988 | |
| 300 | |a 100 s. | ||
| 490 | 1 | |a Acta Universitatis Carolinae |v 3-1987-25 | |
| 830 | 0 | |a Acta Universitatis Carolinae |v 3-1987-25 | |
| 100 | 1 | |a Zahradníček, Ivan | |